Entry Nombre personal
001 - NÚMERO DE CONTROL
- campo de control: 927
003 - IDENTIFICADOR DE NÚMERO DE CONTROL
- campo de control: AR-BaBN
005 - FECHA Y HORA DE LA ÚLTIMA TRANSACCIÓN
- campo de control: 20260319145636.0
008 - ELEMENTOS DE DATO DE LONGITUD-FIJA
- campo de control de longitud fija: 161130nn acznnaabn a aaa
016 7# - NÚMERO DE CONTROL DE UNA AGENCIA BIBLIOGRÁFICA NACIONAL
- Número de control del registro: 000044566
- Fuente: AR-BaBN
024 7# - IDENTIFICADOR DE OTROS ESTÁNDARES
- Número estándar o código: 7013160668023603560004
- Fuente: viaf
- URI de un objeto del mundo real: http://viaf.org/viaf/7013160668023603560004
040 ## - FUENTE DE CATALOGACIÓN
- Centro catalogador/agencia de origen: AR-BaBN
- Lengua de catalogación: spa
- Centro/agencia transcriptor: AR-BaBN
- Normas de descripción: aacr
043 ## - CÓDIGO DE ÁREA GEOGRÁFICA
- Código de área geográfica: s-ag---
- Código ISO: ar-e
046 ## - FECHAS CON CODIFICACIÓN ESPECIAL
- Fecha de nacimiento: 1945
- Fuente del esquema de fecha: edtf
075 ## - TIPO DE ENTIDAD
- Término tipo de entidad: persona
- Fuente: rda
100 1# - ENCABEZAMIENTO-NOMBRE DE PERSONA
- Nombre de persona: Bilbao, Susana,
- Fechas asociadas al nombre: 1945-
370 ## - LUGAR ASOCIADO
- Lugar de nacimiento: La Paz (Entre Ríos)
372 ## - CAMPO DE ACTIVIDAD
- Campo de actividad: Literatura
374 ## - OCUPACIÓN
- Ocupación: Escritores
375 ## - GÉNERO/SEXO
- Género: Mujer
377 ## - IDIOMA ASOCIADO
- Código del idioma: spa
- Término de lengua/lenguaje: español
400 1# - TRAZADO DE VÉASE--NOMBRE DE PERSONA
- Nombre de persona: Muñoz, Susana,
- Fechas asociadas al nombre: 1945-
400 1# - TRAZADO DE VÉASE--NOMBRE DE PERSONA
- Nombre de persona: Muñoz de Bilbao, Susana,
- Fechas asociadas al nombre: 1945-
400 1# - TRAZADO DE VÉASE--NOMBRE DE PERSONA
- Nombre de persona: Bilbao, Susana Muñoz de,
- Fechas asociadas al nombre: 1945-
670 ## - FUENTE DE DATOS ENCONTRADOS
- Cita de la fuente: Luna federal : las mujeres que desobedecieron a Urquiza, 1997:
- Información encontrada: port. (Susana Bilbao)
670 ## - FUENTE DE DATOS ENCONTRADOS
- Cita de la fuente: Biblioteca del Congreso de la Nación Argentina, 30 nov. 2016:
- Información encontrada: cat. bibl. (Bilbao, Susana, 1945-)
670 ## - FUENTE DE DATOS ENCONTRADOS
- Cita de la fuente: Castro, S. Breve dicc. biog. de auts. argentinos desde 1940, 1999:
- Información encontrada: (Bilbao, Susana Muñoz de; n. La Paz, Prov. de Entre Ríos, 1945; narradora)
678 0# - DATOS BIOGRÁFICOS O HISTÓRICOS
- Datos biográficos o históricos: Bilbao, Susana, 1945- . Autora argentina, nacida en La Paz, Entre Ríos.